|
|
|
|
| LEADER |
01171nam a2200289 a 4500 |
| 001 |
1653631 |
| 008 |
091104s1997 dcua b i000 0 eng d |
| 010 |
|
|
|a 97026454
|
| 020 |
|
|
|a 0821339796
|
| 040 |
|
|
|a DLC
|c DLC
|d DLC
|
| 082 |
0 |
0 |
|a 338.95
|2 21
|
| 245 |
0 |
0 |
|a Everyone's miracle? :
|b revisiting poverty and inequality in East Asia /
|c Vinod Ahuja ... [et al.].
|
| 260 |
|
|
|a Washington, D.C. :
|b World Bank,
|c c1997.[reprinting 1998]
|
| 300 |
|
|
|a vi, 107 p. :
|b ill. ;
|c 23 cm.
|
| 490 |
1 |
|
|a Directions in development
|
| 504 |
|
|
|a Includes bibliographical references (p. 101-107).
|
| 541 |
1 |
|
|e 00007130
|
| 650 |
|
0 |
|a Poverty
|z East Asia.
|
| 650 |
|
0 |
|a Income distribution
|z East Asia.
|
| 650 |
|
0 |
|a Equality
|z East Asia.
|
| 650 |
|
0 |
|a Poverty
|z Thailand
|x Case studies.
|
| 651 |
|
0 |
|a East Asia
|x Economic policy.
|
| 700 |
1 |
|
|a Ahuja, Vinod.
|
| 830 |
0 |
|
|a Directions in development (Washington, D.C.)
|
| 852 |
4 |
|
|a Ayesha Abed Library
|j General Shelf.
|
| 999 |
|
|
|c 5209
|d 5209
|
| 952 |
|
|
|0 0
|1 0
|2 ddc
|4 0
|6 338_950000000000000_EVE_1997
|7 0
|9 5056
|a BRACUL
|b BRACUL
|c GEN
|d 2009-11-08
|g 0.00
|l 0
|o 338.95 EVE
|p 3010007130
|r 2009-11-08
|t 1
|w 2009-11-08
|y BK
|x No price found in the accession register.
|